000 00313nam a2200121 a 4500
005 20140414131910.0
008 101011s19uu xx 00 eng d
050 _aER
_bB56 1982
100 _aNicely, Timothy
245 _aBlastoff :
_bLearning about the planets.
260 _bSuperscope,
_c1982.
999 _c111165
_d111165